Central Library OPAC University of Rajshahi

The great rehearsal : (Record no. 46380)

MARC details
000 -LEADER
fixed length control field 00891nam a2200241 a 4500
001 - CONTROL NUMBER
control field 46380
003 - CONTROL NUMBER IDENTIFIER
rucl marc code BD-RjUL
005 - DATE AND TIME OF LATEST TRANSACTION
control field 20211209054138.0
008 - FIXED-LENGTH DATA ELEMENTS--GENERAL INFORMATION
fixed length control field 160802s1948 nyuac b 001 0 eng
035 ## - SYSTEM CONTROL NUMBER
System control number (BD-RjUL)46498
040 ## - CATALOGING SOURCE
Original cataloging agency DLC
Transcribing agency DLC
Modifying agency BD-RjUL
Language of cataloging eng
041 ## - LANGUAGE CODE
Language code of text/sound track or separate title eng
082 00 - DEWEY DECIMAL CLASSIFICATION NUMBER
Classification number 342.73029
Edition number 23
Author mark and year VAG 1948
100 1# - MAIN ENTRY--PERSONAL NAME
Personal name Van Doren, Carl
Dates associated with a name 1885-1950.
9 (RLIN) 141622
245 14 - TITLE STATEMENT
Title The great rehearsal :
Remainder of title the story of the making and ratifying of the Constitution of the United States /
Statement of responsibility, etc. Carl Van Doren
260 ## - PUBLICATION, DISTRIBUTION, ETC. (IMPRINT)
Place of publication, distribution, etc. New York :
Name of publisher, distributor, etc. Viking Press,
Date of publication, distribution, etc. 1948
300 ## - PHYSICAL DESCRIPTION
Pagination xii, 336 p. :
Illustrations ill. ;
Size 22 cm.
504 ## - BIBLIOGRAPHY, ETC. NOTE
Bibliography, etc "Sources and acknowledgments": p. 321-322. and index
610 10 - SUBJECT ADDED ENTRY--CORPORATE NAME
Corporate name or jurisdiction name as entry element United States.
Subordinate unit Constitutional Convention
650 #0 - SUBJECT ADDED ENTRY--TOPICAL TERM
Topical term or geographic name as entry element Constitutional history
Geographic subdivision United States.
9 (RLIN) 127955
710 2# - ADDED ENTRY--CORPORATE NAME
Corporate name or jurisdiction name as entry element Herman Finkelstein Collection (Library of Congress)
Institution to which field applies DLC
9 (RLIN) 141624
942 ## - ADDED ENTRY ELEMENTS (KOHA)
Source of classification or shelving scheme Dewey Decimal Classification
Koha item type Books
Holdings
Lost status Source of classification or shelving scheme Damaged status Not for loan Collection code Permanent Location Current Location Shelving location Date acquired Source of acquisition Total Checkouts Full call number Date last seen Copy number Koha item type
  Dewey Decimal Classification     Non-fiction Central Library, University of Rajshahi Central Library, University of Rajshahi   18/02/1958 U.S.I.S dhaka   342.73029 VAG 1948 02/08/2016 C-2 Books
  Dewey Decimal Classification     Non-fiction Central Library, University of Rajshahi Central Library, University of Rajshahi   21/11/1957 Register   342.73029 VAG 1948 09/08/2016 C-3 Books